| 000 | 00980nam a2200265 i 4500 | ||
|---|---|---|---|
| 001 | 188086 | ||
| 003 | SpMaBN | ||
| 005 | 20250830023926.0 | ||
| 008 | 180426s1984 sp af c |||| | spa d | ||
| 020 | _a84-7611-002-2 | ||
| 080 | _a7:069.538.7(460.222 H.) | ||
| 100 | 1 |
_aLacarra Ducay, María Carmen, _d1945- _9164701 |
|
| 245 | 1 | 0 |
_aCatálogo del Museo Episcopal y Capitular de Huesca / _cM.ª Carmen Lacarra Ducay, Carmen Morte García. |
| 260 |
_aZaragoza : _bGuara, _c[1984] |
||
| 300 |
_a223 p., [8] p. de lám. col. : _bil. ; _c20 cm. |
||
| 490 | 1 |
_aColección básica aragonesa ; _v44 |
|
| 500 | _aÍndices. | ||
| 504 | _aReferencias bibliográficas. | ||
| 610 | 2 | 7 |
_aMuseo Episcopal y Capitular de Huesca- _vCatálogos. _9164703 |
| 700 | 1 |
_aMorte García, Carmen. _9150966 |
|
| 710 | 2 |
_aMuseo Episcopal y Capitular de Huesca _9192991 |
|
| 830 | 0 |
_aColección básica aragonesa ; _v44 _9180901 |
|
| 852 |
_aES-MaACL _jL-31977 |
||
| 999 |
_c188086 _d188086 |
||